Statistics for English Inventions #1

Click here to take the quiz!

General Stats

  • This quiz has been taken 20,403 times
  • The average score is 10 of 20

Answer Stats

Clue Answer % Correct
The world's most popular sportSoccer
99%
Faster way to clean your floorVacuum Cleaner
79%
The first elementHydrogen
76%
Spiral structure of this moleculeDNA
67%
Game of scrumsRugby
65%
Using circles to show
the relationships between sets
{Venn} Diagram
65%
Charge-carrying subatomic particleElectron
55%
Subsegment of the internetWorld Wide Web
54%
Before this, groundskeepers used scythesLawn Mower
52%
Social movement that promotes
camping and neckerchiefs
Scouting
51%
Cheap floor covering that sometimes
peels at the corners
Linoleum
51%
Edward Jenner's discovery{Smallpox}
Vaccine
50%
Synthetic moldable materialPlastic
42%
Faster way to make yarn{Spinning} Jenny
41%
Branch of mathematics simultaneously
invented by Newton and Leibniz
Calculus
40%
Invented as a way to break
a trench-warfare stalemate
Tank
33%
Ironically, this opening device
wasn't invented in France
Corkscrew
24%
Bessemer process for making thisSteel
15%
Top ingredient in CokeCarbonated Water
13%
George W. Bush sent 1.5 million
of these in 2005
Christmas Card
8%

Score Distribution

Percentile by Number Answered

Percent of People with Each Score

Your Score History

You have not taken this quiz